| 000 | 00000nam##2200000za#4500 |
| 001 | 9.588057 |
| 003 | CaOODSP |
| 005 | 20210624194933 |
| 007 | cr ||||||||||| |
| 008 | 150406|1999||||xxc|||||o f|0| 0 eng|d |
| 040 | |aCaOODSP|beng |
| 041 | |aeng |
| 041 | |afre |
| 043 | |an-cn--- |
| 086 | 1 |aH12-30/111-PDF |
| 110 | 1 |aCanada.|bHealth Canada. |bHealth Protection Branch. |
| 245 | 10|aInterference between digital TV transmissions and medical telemetry devices |h[electronic resource] |
| 260 | |aOttawa - Ontario : |bHealth Canada. |
| 300 | |a4p.|breferences |
| 490 | 1 |aAlert - medical devices |vM.D.A. No. 111 (September 29, 1999) |
| 590 | |a12-08-Supp|b2012-03-16 |
| 776 | 0#|tBrouillage causé par les émissions de télévision numérique aux matériels de télémédecine |w(CaOODSP)9.534727 |
| 792 | |tBrouillage causé par les émissions de télévision numérique aux matériels de télémédecine |efre|w(CaOODSP)9.588058 |
| 830 | #0|aAlert - medical devices ;|vM.D.A. No. 111 (September 29, 1999)|w(CaOODSP)9.500603 |
| 856 | 40|ahttp://publications.gc.ca|qPDF|s40 KB|uhttps://publications.gc.ca/collections/Collection/H12-30-111.pdf|yM.D.A. No. 111 (September 29, 1999) |